000 00894nas a2200277 4500
001 BR9200422
003 BR-BrBNA
005 20231205092244.0
007 ta
008 230509b bl.|||p| |||| 00| 00por d
040 _aBR-BrBNA
_bpor
_cBiblioteca Nacional de Agricultura
041 _a(Pt)
072 _aP06
100 1 _aSilva, L.M.M.R.
100 1 _aBiserra, J.V.
245 1 _aViabilidade financeira da utilizacao de residuos para producao de energia e biofertilizacao em pequenas propriedades das zonas semi-aridas
650 _aBIODIGESTOR
650 _aENERGIA
650 _aRESIDUO ORGANICO
650 _aBIOGAS
650 _aBIOFERTILIZANTE
650 _aZONA SEMI-ARIDA
773 0 _tRevista de Economia e Sociologia Rural (Brazil)
_xISSN 0103-2003
_g(Apr-Jun 1988), v. 26(2) p. 213-227
_wBR9200422
909 _a202311
_bLúcia
_c55
_dLúcia Elande
942 _2AGRIS
_n0
_cANA
999 _c130450
_d130450